La coexistence, enjeu européen /
Saved in:
| Corporate Author: | |
|---|---|
| Other Authors: | , |
| Format: | Book |
| Language: | French |
| Published: |
[Paris] :
PUF,
1998.
|
| Subjects: | |
| Tags: |
Add Tag
No Tags, Be the first to tag this record!
|
| LEADER | 01223cam a2200301 a 4500 | ||
|---|---|---|---|
| 001 | 007765295-9 | ||
| 005 | 20020606104010.5 | ||
| 008 | 980427s1998 fr b 000 0 fre d | ||
| 020 | |a 2130491758 | ||
| 035 | 0 | |a ocm47363964 | |
| 035 | 1 | |a MIUGBAH5195B | |
| 040 | |a NYP |c NYP |d EYM | ||
| 050 | 0 | 0 | |a D1053 |b .C56 1998 |
| 245 | 0 | 3 | |a La coexistence, enjeu européen / |c études réunies par Cao-Huy Thuan, Alain Fenet. |
| 260 | |a [Paris] : |b PUF, |c 1998. | ||
| 300 | |a 352 p. ; |c 24 cm. | ||
| 500 | |a At head of title: Centre de Recherche Universitaire sur la Construction Européenne. | ||
| 500 | |a "... issue d'un colloque organisé par le CRUCE á Amiens, les 15 et 16 mai 1997, avec le soutien du Conseil scientifique de l'Université de Picardie Jules Verne." | ||
| 504 | |a Includes bibliographical references. | ||
| 650 | 0 | |a Nationalism |z Europe |x History |y 20th century |x Congresses. | |
| 650 | 0 | |a European cooperation |x Congresses. | |
| 651 | 0 | |a Europe |x Ethnic relations |x Congresses. | |
| 651 | 0 | |a Europe |x Politics and government |y 1989- |x Congresses. | |
| 700 | 1 | |a Cao, Huy Thuần. | |
| 700 | 1 | |a Fenet, Alain. | |
| 710 | 2 | |a Centre de recherche universitaire sur la construction européenne. | |
| 988 | |a 20020608 | ||
| 906 | |0 RLIN | ||


